Normal view
MARC view
- Tucker, P.G
Entry Personal Name
001 - CONTROL NUMBER
- control field: 115493
003 - CONTROL NUMBER IDENTIFIER
- control field: NUST
005 - DATE AND TIME OF LATEST TRANSACTION
- control field: 20230912165350.0
008 - FIXED-LENGTH DATA ELEMENTS
- fixed length control field: 230912|| aca||aabn | a|a d
040 ## - CATALOGING SOURCE
- Original cataloging agency: NUST
- Transcribing agency: NUST
100 ## - HEADING--PERSONAL NAME
- Personal name: Tucker, P.G
670 ## - SOURCE DATA FOUND
- Source citation: Work cat.: (NUST): Tucker, P.G., Unsteady computational fluid dynamics in aeronautics /
